|
|
|
|
| LEADER |
00000cam a2200000 a 4500 |
| 001 |
vtls001091268 |
| 003 |
SK-MaSNL |
| 005 |
20260302064110.0 |
| 008 |
240515s1982 xo al f np 00000 slo |
| 015 |
|
|
|a SNBA1983/05
|
| 035 |
|
|
|a SNK000034110
|
| 040 |
|
|
|a SNK
|b slo
|c SNK
|e AACR2
|
| 041 |
0 |
|
|a slo
|
| 044 |
|
|
|a xo
|c SK
|
| 080 |
|
|
|a 624.04(075.8)(076.5)
|2 1981
|
| 100 |
1 |
|
|a Feranec, Vladimír,
|d 1936-
|4 aut
|9 39393
|
| 245 |
1 |
0 |
|a Stavebná mechanika 1 pre dopravné stavby
|b Príklady
|c Vladimír Feranec, Milan Moravčík
|
| 250 |
|
|
|a 1. vydanie
|
| 260 |
|
|
|a Bratislava
|b Alfa
|c 1982
|e Bratislava
|f Západoslovenské tlačiarne
|
| 300 |
|
|
|a 327 strán
|b schémy, tabuľky
|c 29 cm
|
| 366 |
|
|
|e 300 kusov
|
| 490 |
1 |
|
|a Vysokoškolské učebné texty
|
| 504 |
|
|
|a Obsahuje bibliografiu
|
| 650 |
0 |
7 |
|a stavebná mechanika
|2 SNKPH
|9 4181
|
| 655 |
|
7 |
|a učebnice vysokých škôl
|2 SNKPH
|9 70191
|
| 700 |
1 |
|
|a Moravčík, Milan,
|d 1940-
|4 aut
|9 38824
|
| 830 |
|
0 |
|a Vysokoškolské učebné texty
|9 276539
|
| 852 |
|
|
|a Slovenská národná knižnica
|
| 954 |
|
|
|a odborná, vedecká literatúra pôvodná (slovenská)
|2 lita
|
| 958 |
|
|
|a OND
|
| 958 |
|
|
|a NB
|
| 958 |
|
|
|a TL
|
| 958 |
|
|
|a UV
|
| 999 |
|
|
|c 1135813
|d 1137743
|
| 952 |
|
|
|a SNK
|b SNK
|y PREZ
|7 0
|p 17A0781914
|o snkSB 35446/1
|0 0
|1 0
|4 0
|d 2012-03-15
|f 1
|l 0
|r 2025-04-11 00:00:00
|w 2026-02-24
|
| 952 |
|
|
|t P60, <04>, [BOOK], {604}
|a SNK
|b SNK
|y VYP
|7 0
|p 17A0238804
|o snkSB 35446/1 D1
|0 0
|1 0
|4 0
|d 2000-05-18
|l 0
|r 2004-12-31 00:00:00
|w 2026-02-24
|